LEADER 02198nam 2200601Ia 450 001 9910452129203321 005 20200520144314.0 010 $a0-8166-8269-0 010 $a1-4356-0609-4 035 $a(CKB)1000000000479458 035 $a(EBL)316636 035 $a(OCoLC)182732743 035 $a(SSID)ssj0000115891 035 $a(PQKBManifestationID)11141453 035 $a(PQKBTitleCode)TC0000115891 035 $a(PQKBWorkID)10027259 035 $a(PQKB)10408692 035 $a(MiAaPQ)EBC316636 035 $a(OCoLC)229431624 035 $a(MdBmJHUP)muse38924 035 $a(Au-PeEL)EBL316636 035 $a(CaPaEBR)ebr10199640 035 $a(CaONFJC)MIL523064 035 $a(OCoLC)437191391 035 $a(EXLCZ)991000000000479458 100 $a19890522d1990 uy 0 101 0 $aeng 135 $aur|n|---||||| 181 $ctxt 182 $cc 183 $acr 200 10$aBulimia nervosa$b[electronic resource] /$fJames E. Mitchell 210 $aMinneapolis $cUniversity of Minnesota Press$dc1990 215 $a1 online resource (190 p.) 300 $aIncludes index. 311 $a0-8166-1626-4 320 $aIncludes bibliography and index. 327 $aContents; Preface; Acknowledgments; 1. An Overview of Bulimia Nervosa; 2. Bulimic Behaviors; 3. Associated Problems; 4. Assessing Patients with Bulimia Nervosa; 5. Medical Complications/Medical Management; 6. Psychobiology of Bulimia Nervosa; 7. Nutritional Counseling; 8. Pharmacotherapy of Bulimia Nervosa; 9. General Treatment Considerations; 10. Treatment Techniques; Afterword; References; Index 330 $aA practical guide for health-care professionals to the diagnosis, treatment, and management of bulimia by a leading expert in the field of eating disorders. 606 $aBulimia 606 $aEating disorders 608 $aElectronic books. 615 0$aBulimia. 615 0$aEating disorders. 676 $a616.85263 700 $aMitchell$b James E$g(James Edward),$f1947-$0944159 801 0$bMiAaPQ 801 1$bMiAaPQ 801 2$bMiAaPQ 906 $aBOOK 912 $a9910452129203321 996 $aBulimia nervosa$92491292 997 $aUNINA LEADER 01641oam 2200517I 450 001 9910714069903321 005 20201106125512.0 035 $a(CKB)5470000002506946 035 $a(OCoLC)785245188 035 $a(EXLCZ)995470000002506946 100 $a20120408j196810 ua 0 101 0 $aeng 135 $aur||||||||||| 181 $ctxt$2rdacontent 182 $cc$2rdamedia 183 $acr$2rdacarrier 200 10$aEffects of edge constraints on optical qualities of a spacecraft window /$fby David N. Warner, Jr. and Thomas M. Walsh 210 1$aWashington, D.C. :$cNational Aeronautics and Space Administration,$dOctober 1968. 215 $a1 online resource (35 pages) $cillustrations 225 1 $aNASA technical note ;$vTN D-4845 300 $a"October 1968." 320 $aIncludes bibliographical references (page 33). 606 $aSpace vehicles$xTesting 606 $aWindows 606 $aSpace vehicles$xTesting$2fast 606 $aWindows$2fast 615 0$aSpace vehicles$xTesting. 615 0$aWindows. 615 7$aSpace vehicles$xTesting. 615 7$aWindows. 700 $aWarner$b David N.$01416036 702 $aWalsh$b Thomas M. 712 02$aUnited States.$bNational Aeronautics and Space Administration, 712 02$aAmes Research Center. 801 0$bOCLCE 801 1$bOCLCE 801 2$bOCLCQ 801 2$bOCLCF 801 2$bOCLCQ 801 2$bOCLCA 801 2$bOCLCQ 801 2$bGPO 906 $aBOOK 912 $a9910714069903321 996 $aEffects of edge constraints on optical qualities of a spacecraft window$93519894 997 $aUNINA